Capitales de Equipos de la Copa Mundial de 2022 - Estadísticas

Estadísticas generales
  • Esta prueba ha sido intentada 201 veces
    195 desde el último reinicio
  • La puntuación promedio es 24 de 32
Estadísticas de respuestas
Country Capital % Correcto
Argentina Buenos Aires
92%
España Madrid
92%
Inglaterra Londres
91%
Francia París
91%
Brasil Brasília
90%
Alemania Berlín
88%
Países Bajos Ámsterdam
87%
Ecuador Quito
86%
México Ciudad de México
85%
Portugal Lisboa
85%
Japón Tokio
85%
Estados Unidos Washington D.C.
85%
Uruguay Montevideo
84%
Katar Doha
81%
Polonia Varsovia
79%
Bélgica Bruselas
78%
Corea del Sur Seúl
75%
Australia Canberra
72%
Croacia Zagreb
72%
Canadá Ottawa
70%
Dinamarca Copenhague
68%
Suiza Berna
67%
Costa Rica San José
65%
Marruecos Rabat
64%
Senegal Dakar
63%
Serbia Belgrado
62%
Arabia Saudita Riad
62%
Irán Teherán
60%
Túnez Túnez
55%
Gales Cardiff
53%
Ghana Acra
44%
Camerún Yaundé
38%
No se encontraron pruebas coincidentes
Distribución de puntuación
Porcentaje de gente con cada puntuación
Porcentaje por número respondido
Historial de tus puntuaciones
No has intentado esta prueba desde el último reinicio